[Event "Titled Tuesday intern op 21st Dec"]
[Site "Chess.com INT"]
[Date "2021.12.21"]
[Round "4"]
[White "Holt, Conrad"]
[Black "Al Hosani, Omran"]
[Result "1-0"]
[WhiteElo "2553"]
[BlackElo "2202"]
[PlyCount "71"]
[EventDate "2021.12.21"]
[EventType "swiss (blitz)"]
[EventRounds "11"]
[EventCountry "USA"]
[SourceTitle "CBM 205 Extra"]
[Source "ChessBase"]
[SourceDate "2022.01.31"]
[SourceVersion "1"]
[SourceVersionDate "2022.01.31"]
[SourceQuality "1"]

1. d4 Nf6 2. c4 g6 3. Nc3 d5 4. e3 Bg7 5. Qb3 dxc4 6. Bxc4 O-O 7. Nf3 c5 8. d5 Nbd7 9. O-O Rb8 10. a4 Ng4 11. e4 Nge5 12. Nxe5 Nxe5 13. Bf4 Bd7 14. Be2 Qa5 15. Bg5 Rfe8 16. h3 Rbc8 17. Qa3 Qb4 18. Qa2 c4 19. Rfd1 Nd3 20. Bxd3 cxd3 21. Rxd3 Bxc3 22. bxc3 Qxe4 23. Re3 Qc4 24. Bxe7 Kg7 25. Qd2 Bxa4 26. Rxa4 Qxa4 27. d6 Qd7 28. Qd4+ Kg8 29. Qh4 Rc5 30. g4 h5 31. Rg3 Kh7 32. Qf6 Kg8 33. Rf3 Rxe7 34. Qxe7 Qxe7 35. dxe7 Rc8 36. Rd3 1-0

[Event "Titled Tuesday intern op 21st Dec"]
[Site "Chess.com INT"]
[Date "2021.12.21"]
[Round "4"]
[White "Ianov, Viktor"]
[Black "Aradhya, Garg"]
[Result "1/2-1/2"]
[WhiteElo "2279"]
[BlackElo "2236"]
[PlyCount "197"]
[EventDate "2021.12.21"]
[EventType "swiss (blitz)"]
[EventRounds "11"]
[EventCountry "USA"]
[SourceTitle "CBM 205 Extra"]
[Source "ChessBase"]
[SourceDate "2022.01.31"]
[SourceVersion "1"]
[SourceVersionDate "2022.01.31"]
[SourceQuality "1"]

1. Nf3 d5 2. g3 Nf6 3. Bg2 c5 4. O-O Nc6 5. d4 cxd4 6. Nxd4 g6 7. c4 Bg7 8. cxd5 Nxd5 9. Nxc6 bxc6 10. Qc2 Bd7 11. Nc3 O-O 12. Nxd5 cxd5 13. Bxd5 Bf5 14. Qd1 Rc8 15. Bb3 Qb6 16. Be3 Qb7 17. Qd5 Qxd5 18. Bxd5 Bxb2 19. Rad1 a5 20. Kg2 Rc2 21. Kf3 h5 22. Rd2 Rxd2 23. Bxd2 Rd8 24. e4 Bg4+ 25. Ke3 a4 26. Rb1 a3 27. Bb4 e6 28. Bb3 Bd4+ 29. Kf4 Kg7 30. e5 Bxe5+ 31. Kxe5 f6+ 32. Kf4 Rd4+ 33. Ke3 Rxb4 34. Rc1 Rb7 35. Rc6 e5 36. Ra6 Rc7 37. Rxa3 Rc3+ 38. Kd2 Rf3 39. Ke1 e4 40. Ra7+ Kh6 41. Re7 Bf5 42. h4 Rc3 43. Kd2 Rd3+ 44. Ke1 g5 45. hxg5+ Kxg5 46. Rg7+ Kh6 47. Rg8 e3 48. fxe3 Rxe3+ 49. Kf2 Rc3 50. Rf8 Kg7 51. Rg8+ Kh6 52. Rf8 Kg6 53. Rd8 Bc2 54. Rb8 Bxb3 55. axb3 Kf5 56. Rb5+ Kg4 57. Rb4+ Kg5 58. Kg2 f5 59. Kf2 Rc2+ 60. Kf3 Rc3+ 61. Kg2 f4 62. gxf4+ Kg4 63. f5+ Kxf5 64. Rb5+ Kg4 65. Rb4+ Kg5 66. Rb5+ Kg6 67. b4 h4 68. Kh2 Rb3 69. Kg2 Kf6 70. Kh2 Ke6 71. Kg2 Kd6 72. Kh2 Kc6 73. Rc5+ Kb6 74. Rc4 h3 75. Rh4 Kb5 76. Rxh3 Rb2+ 77. Kg1 Rb1+ 78. Kf2 Rb2+ 79. Ke1 Rb1+ 80. Kd2 Rxb4 81. Kc3 Rf4 82. Rd3 Kc5 83. Re3 Rg4 84. Rf3 Kd5 85. Re3 Rc4+ 86. Kd3 Rd4+ 87. Ke2 Ra4 88. Rd3+ Ke4 89. Re3+ Kf4 90. Rf3+ Kg4 91. Re3 Ra2+ 92. Kd3 Kf4 93. Re4+ Kf3 94. Re3+ Kf2 95. Re5 Ra3+ 96. Kd4 Ra4+ 97. Kd5 Ra5+ 98. Ke6 Rxe5+ 99. Kxe5 1/2-1/2

[Event "Titled Tuesday intern op 21st Dec"]
[Site "Chess.com INT"]
[Date "2021.12.21"]
[Round "4"]
[White "Ibarra Jerez, Jose Carlos"]
[Black "Kadam, Om Manish"]
[Result "1-0"]
[WhiteElo "2567"]
[BlackElo "2114"]
[PlyCount "53"]
[EventDate "2021.12.21"]
[EventType "swiss (blitz)"]
[EventRounds "11"]
[EventCountry "USA"]
[SourceTitle "CBM 205 Extra"]
[Source "ChessBase"]
[SourceDate "2022.01.31"]
[SourceVersion "1"]
[SourceVersionDate "2022.01.31"]
[SourceQuality "1"]

1. e4 c6 2. Nf3 d5 3. Nc3 g6 4. d4 Bg7 5. Bf4 dxe4 6. Nxe4 Bg4 7. h3 Bxf3 8. Qxf3 Qxd4 9. c3 Qb6 10. O-O-O Nd7 11. Rxd7 Kxd7 12. Bc4 Nf6 13. Bxf7 Nd5 14. Qg4+ Kd8 15. Ng5 e5 16. Rd1 Qxf2 17. Kb1 Kc7 18. Bxd5 exf4 19. Bf3 Rae8 20. Qd7+ Kb6 21. Qxg7 h6 22. Ne4 Qe3 23. Rd4 Qe1+ 24. Kc2 Rd8 25. Rb4+ Ka6 26. Qxb7+ Ka5 27. Qxa7# 1-0

[Event "Titled Tuesday intern op 21st Dec"]
[Site "Chess.com INT"]
[Date "2021.12.21"]
[Round "4"]
[White "Iturrizaga Bonelli, Eduardo"]
[Black "Escalante Ramirez, Brian Sebastian"]
[Result "1-0"]
[WhiteElo "2606"]
[BlackElo "2469"]
[PlyCount "89"]
[EventDate "2021.12.21"]
[EventType "swiss (blitz)"]
[EventRounds "11"]
[EventCountry "USA"]
[SourceTitle "CBM 205 Extra"]
[Source "ChessBase"]
[SourceDate "2022.01.31"]
[SourceVersion "1"]
[SourceVersionDate "2022.01.31"]
[SourceQuality "1"]

1. c4 c5 2. g3 Nc6 3. Bg2 g6 4. Nf3 Bg7 5. Nc3 e6 6. d4 cxd4 7. Nb5 d5 8. cxd5 Qa5+ 9. Nd2 Qxb5 10. dxc6 Ne7 11. a4 Qb4 12. b3 Nxc6 13. Ba3 Qa5 14. O-O Bf8 15. Nc4 Qd8 16. Bxc6+ bxc6 17. Bxf8 Kxf8 18. Rc1 Qd5 19. Qd2 Kg7 20. e4 Qxe4 21. Rfe1 Qd5 22. Re5 Qd7 23. Rc5 f6 24. Na5 Bb7 25. Nxb7 Qxb7 26. Rxc6 Rhc8 27. Rxc8 Rxc8 28. Rxc8 Qxc8 29. Qxd4 Qc1+ 30. Kg2 Qc6+ 31. Kh3 Qb7 32. b4 e5 33. Qc5 Qd7+ 34. Kg2 Qxa4 35. Qe7+ Kg8 36. Qd6 Kf7 37. h4 h5 38. Qc7+ Ke6 39. Qc4+ Ke7 40. Qc5+ Kd7 41. Qf8 Qc6+ 42. Kh2 Qd6 43. Qf7+ Kc8 44. Qxa7 Qxb4 45. Qf7 1-0

[Event "Titled Tuesday intern op 21st Dec"]
[Site "Chess.com INT"]
[Date "2021.12.21"]
[Round "4"]
[White "Jain, Naveen"]
[Black "Sargsyan, Anna M"]
[Result "1-0"]
[WhiteElo "2032"]
[BlackElo "2368"]
[PlyCount "69"]
[EventDate "2021.12.21"]
[EventType "swiss (blitz)"]
[EventRounds "11"]
[EventCountry "USA"]
[SourceTitle "CBM 205 Extra"]
[Source "ChessBase"]
[SourceDate "2022.01.31"]
[SourceVersion "1"]
[SourceVersionDate "2022.01.31"]
[SourceQuality "1"]

1. c4 c6 2. g3 d5 3. Bg2 Nf6 4. Nf3 Bg4 5. Ne5 Be6 6. cxd5 Bxd5 7. Nf3 Bxf3 8. Bxf3 e5 9. Nc3 Be7 10. d3 O-O 11. O-O h6 12. a3 Nbd7 13. Bg2 a5 14. Rb1 Nb6 15. Bd2 Nbd5 16. Ne4 Nxe4 17. Bxe4 f5 18. Bg2 f4 19. b4 axb4 20. axb4 Ra2 21. b5 Kh8 22. bxc6 bxc6 23. Qc1 Qd7 24. Ra1 Rfa8 25. Rxa2 Rxa2 26. Rd1 Bf6 27. Qc4 Qa7 28. Qxc6 fxg3 29. hxg3 Nc7 30. Be4 Qa4 31. Qxa4 Rxa4 32. Rc1 Bd8 33. Rc5 Kg8 34. Rxe5 Kf7 35. Rf5+ 1-0

[Event "Titled Tuesday intern op 21st Dec"]
[Site "Chess.com INT"]
[Date "2021.12.21"]
[Round "4"]
[White "Jarocka, Liwia"]
[Black "Swicarz, Maciej"]
[Result "1/2-1/2"]
[WhiteElo "2006"]
[BlackElo "2330"]
[PlyCount "125"]
[EventDate "2021.12.21"]
[EventType "swiss (blitz)"]
[EventRounds "11"]
[EventCountry "USA"]
[SourceTitle "CBM 205 Extra"]
[Source "ChessBase"]
[SourceDate "2022.01.31"]
[SourceVersion "1"]
[SourceVersionDate "2022.01.31"]
[SourceQuality "1"]

1. d4 Nf6 2. Nf3 e6 3. g3 c5 4. Bg2 Nc6 5. O-O cxd4 6. Nxd4 Bc5 7. Nb3 Bb6 8. c4 O-O 9. Nc3 d6 10. Bf4 e5 11. Bg5 Nd4 12. Bxf6 gxf6 13. Nd5 Nxb3 14. Qxb3 Bc5 15. Qc2 f5 16. b4 Bd4 17. Rac1 a5 18. e3 Ba7 19. b5 Bc5 20. Rfd1 Qg5 21. h4 Qh6 22. Ne7+ Kh8 23. Nxc8 Raxc8 24. Qxf5 b6 25. a4 Qg6 26. Be4 Qg7 27. Kg2 Rg8 28. Bd5 Rc7 29. Re1 Qg6 30. Qxg6 hxg6 31. h5 gxh5 32. Rh1 Kg7 33. Rxh5 Rh8 34. Rch1 Rxh5 35. Rxh5 Re7 36. Rf5 Kg6 37. g4 f6 38. Rh5 Rg7 39. Kf3 Bb4 40. Rh8 Bc5 41. Rb8 f5 42. gxf5+ Kxf5 43. Rf8+ Kg5 44. Rg8 Rxg8 45. Bxg8 Kf5 46. Bh7+ Kg5 47. Ke4 Kf6 48. Bg8 Bb4 49. Bd5 Be1 50. f4 exf4 51. exf4 Bb4 52. Bc6 Bc5 53. Bd7 Bb4 54. Kd5 Bc5 55. Kc6 Ke7 56. Bc8 Kf6 57. Bh3 Ke7 58. Kc7 Kf6 59. Kd7 Bb4 60. Ke8 Bc5 61. Kd8 Bb4 62. Kc7 Bc5 63. Kc6 1/2-1/2

[Event "Titled Tuesday intern op 21st Dec"]
[Site "Chess.com INT"]
[Date "2021.12.21"]
[Round "4"]
[White "Karpov, Vadim"]
[Black "Bryakin, Mikhail"]
[Result "0-1"]
[WhiteElo "2345"]
[BlackElo "2502"]
[PlyCount "116"]
[EventDate "2021.12.21"]
[EventType "swiss (blitz)"]
[EventRounds "11"]
[EventCountry "USA"]
[SourceTitle "CBM 205 Extra"]
[Source "ChessBase"]
[SourceDate "2022.01.31"]
[SourceVersion "1"]
[SourceVersionDate "2022.01.31"]
[SourceQuality "1"]

1. Nf3 c5 2. e3 Nf6 3. b3 b6 4. Bb2 Bb7 5. Be2 e6 6. c4 Be7 7. O-O O-O 8. Nc3 d5 9. cxd5 Nxd5 10. Nxd5 Qxd5 11. d3 Nc6 12. Rc1 Rfd8 13. Qd2 Rac8 14. Rfd1 f6 15. Ne1 Qg5 16. Bf3 Rd7 17. Qe2 Rcd8 18. a3 Na5 19. Bxb7 Rxb7 20. Qc2 Qd5 21. Rb1 Qxb3 22. Qxb3 Nxb3 23. Bxf6 Bxf6 24. Rxb3 Rbd7 25. Rc1 Kf7 26. Kf1 h5 27. Ke2 g5 28. h3 g4 29. hxg4 hxg4 30. Rc4 Rg8 31. g3 e5 32. a4 Ke6 33. Nc2 Rb8 34. Rxg4 Rh8 35. e4 Rh1 36. Ne3 Ra1 37. Nd5 Kf7 38. f4 Rxa4 39. Nxf6 Kxf6 40. fxe5+ Kxe5 41. Rg5+ Kd4 42. Rg8 Ra2+ 43. Kf3 Rd2 44. Rf8 Rxd3+ 45. Rxd3+ Kxd3 46. e5 c4 47. Kf4 c3 48. Rc8 b5 49. e6 Re7 50. Ke5 b4 51. Rd8+ Kc2 52. Rd7 Re8 53. e7 b3 54. Ke6 b2 55. Rb7 b1=Q 56. Rxb1 Kxb1 57. Kf7 Rxe7+ 58. Kxe7 c2 0-1

[Event "Titled Tuesday intern op 21st Dec"]
[Site "Chess.com INT"]
[Date "2021.12.21"]
[Round "4"]
[White "Korkmaz, Necmettin"]
[Black "Altucher, James"]
[Result "1-0"]
[WhiteElo "2106"]
[BlackElo "1839"]
[PlyCount "83"]
[EventDate "2021.12.21"]
[EventType "swiss (blitz)"]
[EventRounds "11"]
[EventCountry "USA"]
[SourceTitle "CBM 205 Extra"]
[Source "ChessBase"]
[SourceDate "2022.01.31"]
[SourceVersion "1"]
[SourceVersionDate "2022.01.31"]
[SourceQuality "1"]

1. e4 g6 2. d4 Bg7 3. Nc3 d6 4. Nf3 a6 5. a4 Nf6 6. Be2 O-O 7. O-O e5 8. h3 Nc6 9. dxe5 Nxe5 10. Bg5 h6 11. Bh4 g5 12. Bg3 Ng6 13. Nd4 Re8 14. Bf3 Ne5 15. Bxe5 dxe5 16. Nf5 Bxf5 17. exf5 e4 18. Be2 Qc8 19. g4 Rd8 20. Qe1 Qd7 21. Bc4 Qc6 22. Bb3 Rd6 23. Qe3 Rad8 24. Rfe1 Rd4 25. Ne2 R4d7 26. Ng3 Re7 27. Rad1 Qe8 28. Qa7 c6 29. Qb6 Rxd1 30. Rxd1 Rd7 31. Re1 Nd5 32. Qc5 e3 33. Bxd5 Rxd5 34. Qxe3 Re5 35. Ne4 Kh8 36. Kg2 Qe7 37. f3 Qb4 38. Rd1 Qxb2 39. Rd8+ Kh7 40. Qd3 f6 41. Qc4 Qc1 42. Qg8# 1-0

[Event "Titled Tuesday intern op 21st Dec"]
[Site "Chess.com INT"]
[Date "2021.12.21"]
[Round "4"]
[White "Kravtsiv, Martyn"]
[Black "Aldokhin, Ivan"]
[Result "1-0"]
[WhiteElo "2604"]
[BlackElo "2413"]
[PlyCount "93"]
[EventDate "2021.12.21"]
[EventType "swiss (blitz)"]
[EventRounds "11"]
[EventCountry "USA"]
[SourceTitle "CBM 205 Extra"]
[Source "ChessBase"]
[SourceDate "2022.01.31"]
[SourceVersion "1"]
[SourceVersionDate "2022.01.31"]
[SourceQuality "1"]

1. e4 c5 2. Nf3 e6 3. d4 cxd4 4. Nxd4 a6 5. Be2 Qc7 6. O-O Nf6 7. Nc3 d6 8. f4 Be7 9. Kh1 Nbd7 10. a4 b6 11. Bf3 Bb7 12. Qe2 h6 13. Be3 Rc8 14. Rae1 g5 15. e5 dxe5 16. fxe5 Nxe5 17. Bxb7 Qxb7 18. Nxe6 fxe6 19. Bd4 O-O 20. Qxe5 Qd7 21. Qxe6+ Qxe6 22. Rxe6 Nh5 23. Rxf8+ Rxf8 24. Rxe7 Rf1+ 25. Bg1 g4 26. g3 Rc1 27. Re2 Ng7 28. Kg2 Nf5 29. Bxb6 Kg7 30. Bf2 Kg6 31. b4 h5 32. b5 axb5 33. axb5 Ra1 34. b6 h4 35. gxh4 Ra8 36. Nd5 Kh5 37. Nf4+ Kh6 38. c4 Kg7 39. c5 Ra3 40. b7 Rb3 41. c6 g3 42. hxg3 Nh6 43. c7 Ng4 44. c8=Q Kf6 45. Qe6+ Kg7 46. Qg6+ Kf8 47. Re8# 1-0

[Event "Titled Tuesday intern op 21st Dec"]
[Site "Chess.com INT"]
[Date "2021.12.21"]
[Round "4"]
[White "Krzywda, Andrzej"]
[Black "Fabris, Alberto"]
[Result "0-1"]
[WhiteElo "2110"]
[BlackElo "2230"]
[PlyCount "140"]
[EventDate "2021.12.21"]
[EventType "swiss (blitz)"]
[EventRounds "11"]
[EventCountry "USA"]
[SourceTitle "CBM 205 Extra"]
[Source "ChessBase"]
[SourceDate "2022.01.31"]
[SourceVersion "1"]
[SourceVersionDate "2022.01.31"]
[SourceQuality "1"]

1. e4 c5 2. Nc3 Nc6 3. Bb5 Nd4 4. Nf3 Nxb5 5. Nxb5 a6 6. Nc3 d6 7. d4 cxd4 8. Qxd4 Nf6 9. Bg5 e6 10. O-O-O Be7 11. e5 dxe5 12. Qxe5 Qb6 13. Ne4 Nxe4 14. Bxe7 Kxe7 15. Qxe4 Bd7 16. Ne5 Bc6 17. Nxc6+ bxc6 18. Qe5 f6 19. Qd6+ Kf7 20. Qd7+ Kg6 21. Qxe6 Rad8 22. f4 h6 23. Qe4+ Kf7 24. Rxd8 Rxd8 25. Re1 Qc5 26. Qe6+ Kg6 27. g4 Kh7 28. Qe4+ Kg8 29. h4 Qd5 30. Qe6+ Kh7 31. Qe4+ Kg8 32. b3 Qd2+ 33. Kb2 Qd4+ 34. Qxd4 Rxd4 35. Rf1 g5 36. fxg5 fxg5 37. hxg5 hxg5 38. Rf6 Rxg4 39. Rxc6 a5 40. Rc5 a4 41. bxa4 Kf7 42. Kb3 Kf6 43. a5 Rh4 44. a6 Rh8 45. Kc4 g4 46. Kd4 Re8 47. Rc3 Kf5 48. Rg3 Kf4 49. Rg1 g3 50. Kc5 Kf3 51. Kb6 Kf2 52. Rc1 g2 53. c4 Re1 54. Rxe1 Kxe1 55. a7 g1=Q+ 56. Kb7 Qg7+ 57. Kb8 Qg8+ 58. Kb7 Qf7+ 59. Kb8 Qe8+ 60. Kb7 Qd7+ 61. Kb8 Qd8+ 62. Kb7 Qd7+ 63. Kb8 Qd6+ 64. Kb7 Qb4+ 65. Kc8 Qxc4+ 66. Kb8 Qb5+ 67. Kc8 Qc6+ 68. Kb8 Qb6+ 69. Ka8 Qc7 70. a4 Qc8# 0-1

[Event "Titled Tuesday intern op 21st Dec"]
[Site "Chess.com INT"]
[Date "2021.12.21"]
[Round "4"]
[White "Kusluvan, Yekaterina"]
[Black "Vianello, Enrico"]
[Result "0-1"]
[WhiteElo "2112"]
[BlackElo "2051"]
[PlyCount "50"]
[EventDate "2021.12.21"]
[EventType "swiss (blitz)"]
[EventRounds "11"]
[EventCountry "USA"]
[SourceTitle "CBM 205 Extra"]
[Source "ChessBase"]
[SourceDate "2022.01.31"]
[SourceVersion "1"]
[SourceVersionDate "2022.01.31"]
[SourceQuality "1"]

1. e4 d6 2. d4 Nf6 3. Nc3 e5 4. dxe5 dxe5 5. Qxd8+ Kxd8 6. Nf3 Bd6 7. Bg5 c6 8. O-O-O Kc7 9. Bc4 Rf8 10. Rhe1 Nbd7 11. Bf1 Nc5 12. Nd2 Be6 13. Nc4 Rad8 14. f3 b5 15. Nxd6 Rxd6 16. Be3 Ncd7 17. Rxd6 Kxd6 18. Rd1+ Kc7 19. Kb1 a5 20. Ne2 Ne8 21. Ng3 g6 22. Bh6 Rg8 23. Be2 Nd6 24. Nf1 f6 25. Ne3 Nf7 0-1

[Event "Titled Tuesday intern op 21st Dec"]
[Site "Chess.com INT"]
[Date "2021.12.21"]
[Round "4"]
[White "Ladan, Nicholas John"]
[Black "Mkrtchian, Lilit"]
[Result "1/2-1/2"]
[WhiteElo "2128"]
[BlackElo "2378"]
[PlyCount "80"]
[EventDate "2021.12.21"]
[EventType "swiss (blitz)"]
[EventRounds "11"]
[EventCountry "USA"]
[SourceTitle "CBM 205 Extra"]
[Source "ChessBase"]
[SourceDate "2022.01.31"]
[SourceVersion "1"]
[SourceVersionDate "2022.01.31"]
[SourceQuality "1"]

1. d4 Nf6 2. c4 e6 3. g3 c5 4. d5 exd5 5. cxd5 d6 6. Nc3 g6 7. Bg2 Bg7 8. Nf3 O-O 9. O-O Nbd7 10. Bf4 Qe7 11. Re1 Ng4 12. e4 Nge5 13. Qd2 Nxf3+ 14. Bxf3 Ne5 15. Bg2 Bg4 16. h3 Bd7 17. Kh2 b5 18. Bg5 Bf6 19. Bxf6 Qxf6 20. f4 Nc4 21. Qc1 b4 22. e5 dxe5 23. Ne4 Qa6 24. Nxc5 Qd6 25. Qxc4 Rfc8 26. Ne4 Qb6 27. Qf1 Bb5 28. Qf3 f5 29. Ng5 e4 30. Qe3 Qxe3 31. Rxe3 Rc2 32. b3 Rac8 33. Ne6 Rd2 34. Kg1 Rcc2 35. Bf1 Bxf1 36. Kxf1 Rh2 37. Kg1 Rhg2+ 38. Kf1 Rh2 39. Kg1 Rhg2+ 40. Kf1 Rh2 1/2-1/2

[Event "Titled Tuesday intern op 21st Dec"]
[Site "Chess.com INT"]
[Date "2021.12.21"]
[Round "4"]
[White "Lakshmi, Chidambaram"]
[Black "Roebers, Jan"]
[Result "0-1"]
[WhiteElo "2058"]
[BlackElo "2154"]
[PlyCount "40"]
[EventDate "2021.12.21"]
[EventType "swiss (blitz)"]
[EventRounds "11"]
[EventCountry "USA"]
[SourceTitle "CBM 205 Extra"]
[Source "ChessBase"]
[SourceDate "2022.01.31"]
[SourceVersion "1"]
[SourceVersionDate "2022.01.31"]
[SourceQuality "1"]

1. e4 e5 2. Nf3 Nc6 3. Bb5 a6 4. Ba4 Nf6 5. O-O Be7 6. Re1 b5 7. Bb3 O-O 8. c3 d5 9. exd5 Nxd5 10. Nxe5 Nxe5 11. Rxe5 c6 12. d4 Bd6 13. Re1 Qh4 14. g3 Qh3 15. Nd2 Bg4 16. f3 Bxg3 17. hxg3 Qxg3+ 18. Kh1 Rae8 19. Rf1 Ne3 20. Qe1 Qg2# 0-1

[Event "Titled Tuesday intern op 21st Dec"]
[Site "Chess.com INT"]
[Date "2021.12.21"]
[Round "4"]
[White "Langner, Ladislav"]
[Black "Bilan, Danila"]
[Result "0-1"]
[WhiteElo "2370"]
[BlackElo "2303"]
[PlyCount "60"]
[EventDate "2021.12.21"]
[EventType "swiss (blitz)"]
[EventRounds "11"]
[EventCountry "USA"]
[SourceTitle "CBM 205 Extra"]
[Source "ChessBase"]
[SourceDate "2022.01.31"]
[SourceVersion "1"]
[SourceVersionDate "2022.01.31"]
[SourceQuality "1"]

1. e4 c6 2. d4 d5 3. e5 Bf5 4. Nd2 e6 5. Nb3 Nd7 6. Nf3 h6 7. Be2 c5 8. dxc5 Nxc5 9. Nbd4 Bh7 10. Bb5+ Nd7 11. O-O a6 12. Bd3 Bxd3 13. Qxd3 Ne7 14. c3 Nc6 15. Re1 Be7 16. Bf4 Qc7 17. Bg3 Nc5 18. Qc2 Ne4 19. Nxc6 bxc6 20. c4 Qb6 21. Rac1 O-O 22. Nd2 Nxd2 23. Qxd2 Bg5 24. Bf4 Bxf4 25. Qxf4 Qxb2 26. cxd5 cxd5 27. Rc7 Qxa2 28. Rec1 Rab8 29. h4 Rb1 30. Qb4 Rxb4 0-1

[Event "Titled Tuesday intern op 21st Dec"]
[Site "Chess.com INT"]
[Date "2021.12.21"]
[Round "4"]
[White "Lugovskoy, Maxim"]
[Black "Iskusnyh, Sergei"]
[Result "0-1"]
[WhiteElo "2423"]
[BlackElo "2473"]
[PlyCount "156"]
[EventDate "2021.12.21"]
[EventType "swiss (blitz)"]
[EventRounds "11"]
[EventCountry "USA"]
[SourceTitle "CBM 205 Extra"]
[Source "ChessBase"]
[SourceDate "2022.01.31"]
[SourceVersion "1"]
[SourceVersionDate "2022.01.31"]
[SourceQuality "1"]

1. e4 e6 2. d4 d5 3. Nc3 Nf6 4. e5 Nfd7 5. f4 c5 6. Nf3 Be7 7. Be3 O-O 8. Be2 a6 9. Qd2 b5 10. Nd1 b4 11. Nf2 a5 12. O-O Ba6 13. Kh1 Nc6 14. Bxa6 Rxa6 15. Rad1 cxd4 16. Nxd4 Nxd4 17. Bxd4 Qc7 18. f5 exf5 19. Nd3 Rc6 20. c3 Nc5 21. Nf4 Ne4 22. Qe3 Bg5 23. Rd3 bxc3 24. bxc3 Qb7 25. Qf3 Bxf4 26. Qxf4 Qb5 27. Rdd1 Rh6 28. Rb1 Qd3 29. Kg1 Nxc3 30. Bxc3 Qxc3 31. Qxf5 Re6 32. Rb8 Qc5+ 33. Kh1 Qe7 34. Rbb1 Rxe5 35. Qf3 g6 36. h3 Qe6 37. Rbd1 Re4 38. Qd3 d4 39. Qf3 Rd8 40. Rb1 Re3 41. Qf4 Qd5 42. Rbd1 Rxh3+ 43. Kg1 Re3 44. Qf2 Qe6 45. Rb1 Re2 46. Qh4 Qe3+ 47. Kh1 Qe7 48. Qf4 Re4 49. Qf3 Rh4+ 50. Kg1 Qe3+ 51. Qxe3 dxe3 52. Rb7 f5 53. Rc1 e2 54. Kf2 Re4 55. Re1 Rde8 56. Rb2 a4 57. Rc2 R8e7 58. Rd2 Kg7 59. Rb1 g5 60. Ke1 Rf4 61. Rxe2 Rxe2+ 62. Kxe2 Re4+ 63. Kf3 g4+ 64. Kg3 Kg6 65. a3 Re3+ 66. Kf4 Re4+ 67. Kg3 Kg5 68. Rb8 Re3+ 69. Kh2 Rxa3 70. Rg8+ Kh4 71. g3+ Kh5 72. Rg7 h6 73. Rf7 Rf3 74. Ra7 a3 75. Ra5 Kg5 76. Kg2 Rb3 77. Ra8 Rb2+ 78. Kg1 a2 0-1

[Event "Titled Tuesday intern op 21st Dec"]
[Site "Chess.com INT"]
[Date "2021.12.21"]
[Round "4"]
[White "Macovei, Andrei"]
[Black "Ibrahimli, Murad Sultanali"]
[Result "0-1"]
[WhiteElo "2454"]
[BlackElo "2418"]
[PlyCount "58"]
[EventDate "2021.12.21"]
[EventType "swiss (blitz)"]
[EventRounds "11"]
[EventCountry "USA"]
[SourceTitle "CBM 205 Extra"]
[Source "ChessBase"]
[SourceDate "2022.01.31"]
[SourceVersion "1"]
[SourceVersionDate "2022.01.31"]
[SourceQuality "1"]

1. e4 e5 2. Nf3 Nc6 3. Bc4 Nf6 4. d3 Bc5 5. c3 O-O 6. a4 a6 7. b4 Be7 8. O-O d5 9. exd5 Nxd5 10. h3 Bf5 11. a5 Bf6 12. Qb3 Nde7 13. Rd1 Nc8 14. Be3 Nd6 15. Bc5 h6 16. Nbd2 Nxc4 17. Nxc4 Re8 18. b5 axb5 19. Qxb5 Be6 20. Qxb7 Bd5 21. Ne3 Bxf3 22. gxf3 Nxa5 23. Qe4 Nb3 24. Rxa8 Qxa8 25. Qc4 Nxc5 26. Qxc5 Qxf3 27. Qxc7 Bg5 28. Qd7 Re6 29. Qd8+ Bxd8 0-1

[Event "Titled Tuesday intern op 21st Dec"]
[Site "Chess.com INT"]
[Date "2021.12.21"]
[Round "4"]
[White "Magallanes, Rey Jomar"]
[Black "Hasangatin, Ramil"]
[Result "1/2-1/2"]
[WhiteElo "2044"]
[BlackElo "2479"]
[PlyCount "70"]
[EventDate "2021.12.21"]
[EventType "swiss (blitz)"]
[EventRounds "11"]
[EventCountry "USA"]
[SourceTitle "CBM 205 Extra"]
[Source "ChessBase"]
[SourceDate "2022.01.31"]
[SourceVersion "1"]
[SourceVersionDate "2022.01.31"]
[SourceQuality "1"]

1. d4 Nf6 2. c4 d6 3. Nc3 e5 4. dxe5 dxe5 5. Qxd8+ Kxd8 6. Nf3 Nfd7 7. g3 f6 8. Bg2 Nb6 9. b3 c6 10. O-O Kc7 11. Bb2 Bf5 12. Rac1 N8d7 13. Nd2 Nc5 14. Rfd1 a5 15. e4 Bg4 16. f3 Be6 17. Nd5+ cxd5 18. cxd5 Bf7 19. Ba3 Nbd7 20. Nc4 b6 21. f4 Kb7 22. b4 axb4 23. Bxb4 Rxa2 24. Rb1 Kc7 25. Rdc1 Bd6 26. Nxb6 Nxb6 27. Bxc5 Bxc5+ 28. Rxc5+ Kb7 29. Rc6 Ra6 30. Bf1 Rb8 31. Bxa6+ Kxa6 32. Ra1+ Kb7 33. Rb1 Ka6 34. Ra1+ Kb7 35. Rb1 Ka6 1/2-1/2

[Event "Titled Tuesday intern op 21st Dec"]
[Site "Chess.com INT"]
[Date "2021.12.21"]
[Round "4"]
[White "Manukyan, Artyom"]
[Black "Estrada Nieto, Julian"]
[Result "1-0"]
[WhiteElo "2106"]
[BlackElo "2253"]
[PlyCount "67"]
[EventDate "2021.12.21"]
[EventType "swiss (blitz)"]
[EventRounds "11"]
[EventCountry "USA"]
[SourceTitle "CBM 205 Extra"]
[Source "ChessBase"]
[SourceDate "2022.01.31"]
[SourceVersion "1"]
[SourceVersionDate "2022.01.31"]
[SourceQuality "1"]

1. e4 e5 2. Nf3 Nc6 3. Bc4 Bc5 4. O-O d6 5. h3 Nf6 6. d3 a6 7. c3 Ba7 8. a4 h6 9. Nbd2 g5 10. Nh2 Rg8 11. b4 g4 12. hxg4 Nxg4 13. Nhf3 Qf6 14. Qe2 Bd7 15. Bb2 Qg7 16. Nh4 Nxf2 17. Rxf2 O-O-O 18. Ndf3 Qg3 19. d4 Bg4 20. Nf5 Bxf5 21. exf5 exd4 22. cxd4 Rg4 23. Rd1 d5 24. Bb3 Re4 25. Qd2 a5 26. b5 Nb4 27. Bc3 Rde8 28. Bxb4 axb4 29. Bxd5 Re3 30. Bxf7 R8e7 31. Be6+ Kb8 32. Qxe3 b3 33. Qxb3 Re8 34. Qe3 1-0

[Event "Titled Tuesday intern op 21st Dec"]
[Site "Chess.com INT"]
[Date "2021.12.21"]
[Round "4"]
[White "Marcziter, Dmitrii"]
[Black "Krallis, Christos"]
[Result "0-1"]
[WhiteElo "2264"]
[BlackElo "2401"]
[PlyCount "126"]
[EventDate "2021.12.21"]
[EventType "swiss (blitz)"]
[EventRounds "11"]
[EventCountry "USA"]
[SourceTitle "CBM 205 Extra"]
[Source "ChessBase"]
[SourceDate "2022.01.31"]
[SourceVersion "1"]
[SourceVersionDate "2022.01.31"]
[SourceQuality "1"]

1. e4 c5 2. Nc3 a6 3. g3 b5 4. Bg2 Bb7 5. d3 e6 6. f4 d6 7. Nf3 Nc6 8. Be3 g6 9. O-O Bg7 10. d4 cxd4 11. Nxd4 Nge7 12. Qd2 O-O 13. Rad1 Qa5 14. a3 Rfd8 15. Qf2 Nxd4 16. Bxd4 Bxd4 17. Qxd4 Nc6 18. Qf2 b4 19. axb4 Nxb4 20. f5 Qc5 21. Rd2 gxf5 22. exf5 Bxg2 23. Kxg2 Qxf2+ 24. Rfxf2 d5 25. f6 Rac8 26. Rd4 Rc4 27. Rxc4 dxc4 28. Rf4 Nxc2 29. Rg4+ Kh8 30. Rg7 Ne1+ 31. Kh3 Nf3 32. Ne4 Rf8 33. Kg2 Ne5 34. Ng5 h6 35. Rh7+ Kg8 36. Rxh6 Ng4 37. Rh4 Nxf6 38. Rxc4 Rb8 39. b4 Nd5 40. Ne4 Rxb4 41. Rc8+ Kg7 42. Ra8 Rxe4 43. Rxa6 Nf6 44. Kf3 Rb4 45. h3 Kg6 46. g4 Rb3+ 47. Kf4 Nd5+ 48. Ke5 Re3+ 49. Kd4 Rxh3 50. Ke5 Re3+ 51. Kd4 Rg3 52. Ke5 Rxg4 53. Ra8 Kg7 54. Ra1 Rg5+ 55. Kd6 Nf6 56. Ke7 Kg6 57. Rf1 Nd5+ 58. Kd6 Ne3 59. Ra1 Rd5+ 60. Ke7 Nf5+ 61. Ke8 Kf6 62. Ra7 Ng7+ 63. Kf8 Rd8# 0-1